00940nam a2200229 u 4500999001500000001001900015003000400034005001700038008004100055020001800096040002000114100003700134245013300171260003600304300001800340600003500358610006700393610005100460650006000511942001300571952012600584 c7856d7856991061090376106706OSt20240212122834.0 s2021 xx r 000 0 cat d a9788419590657 aCDMRbcatcCDMR aRifà i Rierola, Josefina94928 aTu, calla b: silencis i oblits. Memòries de Josefina Rifà i de la radiodifusió a Catalunya c/ Josefina Rifà i Rierola aBarcelona : bComanegra, c2024 a253 pàgines 094929aRifà i Anglada, Eduard 094752aRàdio Associació de CatalunyaxHistòriay1924-19382093399aRàdio BarcelonaxHistòriay1924-1938 093105aRadiodifusiózCatalunyaxHistòria y1924-1938 2udccMON 00104070aCDMRbCDMRd2024-02-12eDonacióg20.00l4m1oEu /34pCDMR24020005r2024-09-23s2024-09-02w2024-02-12yMON